000 00493nam a2200157 4500
008 171003b xxu||||| |||| 00| 0 eng d
020 _a981-4119-21-0
082 _21996
_aDC 515
_bL53c
100 _922950
_aLeithold, Louis
245 _aThe calculus 7 /
_cLouis Leithold
260 _aNew York :
_bAddison-Wesley Publishing Company, Inc.,
_c©1996.
300 _axxiv, 1192, 192, 10 p. :
_billustrations;
_c25 cm.
500 _aIncludes index.
650 0 _922951
_aCalculus
942 _2ddc
_cDC
999 _c7594
_d7594